01015nam a22002655a 450000500170000000800410001702000180005804000280007608200200010410000280012424501110015225000120026326000600027530000380033550000240037350400410039765000300043865000270046865100100049565300310050565500240053694200200056099900170058095201520059720150727135036.0150622s2014 ii a frb 001 0 eng d a9789381714485 aEG-ScBUEbengcEG-ScBUE04a671.37bRAM2221 aRamakrishnan, P.93825310aPowder metallurgy : bfor automotive, aluminium alloys, hard and super hard materials /cP. Ramakrishnan.  a1st ed. aNew Delhi :bScientific international PVT. LTD.,c2014. axxvi, 213 p. : bill. ; c25 cm.  aIndex : p. 211-213. aIncludes bibliographical references. 0aPowder metallurgy.2BUEsh aHard materials.2BUEsh 2BUEsh bENGGENcJune2015cJuly2015 vreading book934232 2ddck671.37 RAM c19810d19782 00102ddc40708AlahramaMAINbMAINc1STd2015-06-22epurchaseg293.00h299l1o671.37 RAMp000038910r2025-07-15 00:00:00s2016-02-10v366.25yBB